|
|
|
|
| LEADER |
00000nam0a2200000 4500 |
| 001 |
282889 |
| 005 |
20231101235536.0 |
| 010 |
|
|
|a 9785922114998
|
| 035 |
|
|
|a (RuTPU)RU\TPU\book\306896
|
| 090 |
|
|
|a 282889
|
| 100 |
|
|
|a 20150203d2013 k y0rusy50 ca
|
| 101 |
0 |
|
|a rus
|
| 102 |
|
|
|a RU
|
| 105 |
|
|
|a a z 001zy
|
| 200 |
1 |
|
|a Анализ неопределенности выделения информативных признаков и представлений изображений
|f А. Г. Броневич, А. Н. Каркищенко, А. Е. Лепский
|
| 210 |
|
|
|a Москва
|c Физматлит
|d 2013
|
| 215 |
|
|
|a 309 с.
|c ил.
|
| 320 |
|
|
|a Библиогр.: с. 301-308.
|
| 330 |
|
|
|a В монографии на единой методической основе проанализированы неопределенности, связанные с выделением информативных признаков и формированием представлений изображений.Книга будет полезна: разработчикам новых алгоритмов и систем анализа и распознавания изображений; студентам, бакалаврам и магистрам, обучающимся по специальностям «Прикладная математика и информатика», «Информационные системы», «Интеллектуальный анализ данных» и близким к ним; всем, кто работает в области обработки и анализа изображений или интересуется этими задачами.
|
| 606 |
1 |
|
|a Изображения
|x Анализ
|2 stltpush
|3 (RuTPU)RU\TPU\subj\74006
|9 86622
|
| 610 |
1 |
|
|a информативные признаки
|
| 610 |
1 |
|
|a выделение
|
| 610 |
1 |
|
|a неопределенность
|
| 610 |
1 |
|
|a оцифрованные кривые
|
| 610 |
1 |
|
|a вычисления
|
| 610 |
1 |
|
|a устойчивость
|
| 610 |
1 |
|
|a полигональные представления
|
| 610 |
1 |
|
|a векторные представления
|
| 610 |
1 |
|
|a знаковые представления
|
| 610 |
1 |
|
|a монографии
|
| 675 |
|
|
|a 004.932
|v 4
|
| 700 |
|
1 |
|a Броневич
|b А. Г.
|g Андрей Георгиевич
|
| 701 |
|
1 |
|a Каркищенко
|b А. Н.
|g Александр Николаевич
|
| 701 |
|
1 |
|a Лепский
|b А. Е.
|g Александр Евгеньевич
|
| 801 |
|
1 |
|a RU
|b 63413507
|c 20150203
|
| 801 |
|
2 |
|a RU
|b 63413507
|c 20150212
|g RCR
|
| 942 |
|
|
|c BK
|